|
|
|
|
| LEADER |
00814cam a2200205 7i4500 |
| 001 |
0000010431 |
| 005 |
20020313090000.0 |
| 090 |
0 |
0 |
|a P 391
|b OUT
|
| 245 |
0 |
0 |
|a Outerwear :
|b Volume II. EU - Market Survey 2001.
|
| 260 |
0 |
0 |
|a Rotterdam:
|b Centre for the Promotion of Imports from Developing Countries (CPI),
|c 2001.
|
| 300 |
# |
# |
|a 112 p.
|
| 500 |
0 |
0 |
|a Volume I : EU - Strategic Marketing Guide 2001
|
| 500 |
0 |
0 |
|a Volume II : EU - Market Survey 2001
|
| 650 |
0 |
0 |
|a Apparel --
|z European Union
|
| 650 |
0 |
0 |
|a Clothing and dress --
|z European Union
|
| 650 |
0 |
0 |
|a Sportwear --
|z European Union
|
| 650 |
0 |
0 |
|a Clothing accessories --
|z European Union
|
| 651 |
0 |
0 |
|a European Union`
|
| 710 |
2 |
1 |
|a Center for the Promotionof Imports from Developing Countries (CPI)
|
| 999 |
|
|
|a 0000012912
|b Book
|c Products
|e Business Information Centre
|